| 000 | 00655nam a22001697a 4500 | ||
|---|---|---|---|
| 005 | 20251108163351.0 | ||
| 008 | 250721s1993 xx 000 0 ara d | ||
| 082 | 1 | 4 | _a4ر181/علي |
| 100 | 1 | _aزيعور، علي | |
| 245 | 1 | 0 | _aالفلسفة في الهند قطاعاتها الهندوكية و الإسلامية و المعاصرة مع مقدمات عن الفلسفة الشرقية في الصين / |
| 264 | 1 |
_aبيروت : _bمؤسسة عزالدين للطباعة، _c1993. |
|
| 300 | _a478ص | ||
| 490 | 0 | _aالفلسفة في العالم والتاريخ | |
| 650 | 1 | 7 | _aالفلسفة الهندية |
| 942 |
_2ddc _cBK |
||
| 999 |
_c895 _d895 |
||